10 Nowych Państw w Przyszłości - Statystyki

Ogólne statystyki
  • Ten quiz został rozwiązany 12 razy
  • Średni wynik to 7 z 10
Statystyki odpowiedzi
Obecnie jest częścią... Nowe Państwo % Poprawnych
Wielka Brytania Szkocja
100%
Hiszpania Katalonia
92%
Izrael Palestyna
92%
Somalia Somaliland
92%
Chiny (wg. ONZ) Tajwan
92%
Turcja/Irak/Syria Kurdystan
75%
Kanada Quebec
58%
Ukraina Noworosja
50%
Papua-Nowa Gwinea Bougainville
0%
Etiopia Tigraj
0%
Nie znaleziono quizów pasujących do podanych kryteriów
Rozkład punktacji
Procent ludzi z każdym wynikiem
Percentyl według liczby udzielonych odpowiedzi
Twoja historia wyników
Nie rozwiązałeś tego quizu